000
003170000a22001450004500
003
MACL
040
_a
MACL
090
_c
33875
_d
33873
100
_a
Graham, Buck
245
_a
TCP/IP Addressing
260
_b
Morgan Kaufmann Publishers
_c
2001
350
_a
295
650
_a
Computer science
942
_c
BOOK
_k
004/Gra
999
_c
33520
_d
33520